| Tag |
First Indicator |
Second Indicator |
Subfields |
| LEADER |
00000cam a22000004a 4500 |
| 001 |
in00002175331 |
| 005 |
20151104054737.0 |
| 008 |
060406s2006 ctuabf b 001 0 eng |
| 010 |
|
|
|a 2006011702
|
| 020 |
|
|
|a 1591582946 (alk. paper)
|
| 024 |
3 |
|
|a 9781591582946
|
| 035 |
|
|
|a (OCoLC)ocm65820295
|
| 040 |
|
|
|a DLC
|c DLC
|d BAKER
|d C#P
|d UtOrBLW
|
| 042 |
|
|
|a pcc
|
| 043 |
|
|
|a a-cc---
|
| 049 |
|
|
|a TXAM
|
| 050 |
0 |
0 |
|a GR335
|b .Y72 2006
|
| 082 |
0 |
0 |
|a 398.20951
|2 22
|
| 100 |
1 |
|
|a Yuan, Haiwang.
|
| 245 |
1 |
4 |
|a The magic lotus lantern and other tales from the Han Chinese /
|c Haiwang Yuan ; foreword by Michael Ann Williams.
|
| 264 |
|
1 |
|a Westport, Conn. :
|b Libraries Unlimited,
|c 2006.
|
| 300 |
|
|
|a xvi, 239 pages, 8 unnumbered pages of plates :
|b illustrations (some color), map ;
|c 26 cm.
|
| 336 |
|
|
|a text
|b txt
|2 rdacontent
|
| 337 |
|
|
|a unmediated
|b n
|2 rdamedia
|
| 338 |
|
|
|a volume
|b nc
|2 rdacarrier
|
| 490 |
1 |
|
|a World folklore series
|
| 504 |
|
|
|a Includes bibliographical references (pages 223-226) and index.
|
| 650 |
|
0 |
|a Tales
|z China.
|
| 830 |
|
0 |
|a World folklore series.
|
| 856 |
4 |
1 |
|3 Table of contents
|u http://www.loc.gov/catdir/toc/ecip0612/2006011702.html
|t 0
|
| 938 |
|
|
|a Baker & Taylor
|b BKTY
|c 35.00
|d 35.00
|i 1591582946
|n 0006672778
|s active
|
| 945 |
|
|
|i PromptCat
|
| 947 |
|
|
|a A14834134511
|
| 948 |
|
|
|a cataloged
|b h
|c 2006/6/28
|d c
|e achopde
|f 11:06:18 am
|
| 994 |
|
|
|a 92
|b TXA
|
| 999 |
|
|
|a MARS
|
| 999 |
f |
f |
|s d4f515b5-a7c8-3825-92d4-3712e8d19069
|i 48571e68-2003-3c8e-a068-2ba5b2c6a715
|t 0
|
| 952 |
f |
f |
|p ric
|a Texas A&M University
|b Rellis Campus
|c Joint Library Facility
|d Remote Storage
|t 0
|e GR335 .Y72 2006
|h Library of Congress classification
|i unmediated -- volume
|m A14834134511
|
| 998 |
f |
f |
|a GR335 .Y72 2006
|t 0
|l Remote Storage
|